000 00900nam a2200277Ia 4500
001 Para_999
003 CHAP
008 220125s1966 xx 000 0 und d
010 _a199677
040 _cCHAP
090 _aPA TESIS 965
100 _aToledo Culebro, Roberto
_9113614
245 _aPrincipales plagas y enfermedades de los citricos y su control en Tuxpan, Ver. /
_c por Roberto Toledo Culebro
260 _aTuxpan Ver. el autor
300 _a93 h.
502 _aTesis (Agronomo) Esc. Sup. de Agricultura "Hermanos Escobar"
650 _aCitricos
_x Plagas Citricos
_x enfermedades Citricos
_x Veracruz
_9164872
710 _aEscuela Superior de Agricultura "Hermanos Escobar
_937616
901 _aPA TESIS 965
902 _aM
905 _a0000001966 a 0000000000 00
910 _a1966
942 _cPARA
942 _cPARA
_d1
999 _c199677
_d199677